[Event "Chinese League"]
[Site "Chengdu CHN"]
[Date "2011.05.26"]
[Round "4"]
[White "Zhang, Xiaowen"]
[Black "Pham, Le Thao Nguyen"]
[Result "1-0"]
[WhiteTitle "WGM"]
[BlackTitle "WIM"]
[WhiteElo "2344"]
[BlackElo "2349"]
[WhiteTeam "Shanghai"]
[BlackTeam "Qingdao"]
[WhiteFideId "8603219"]
[BlackFideId "12401226"]
[EventDate "2011.04.12"]

1. e4 Nf6 2. e5 Nd5 3. d4 d6 4. c4 Nb6 5. exd6 cxd6 6. Nc3 g6 7. h3 Bg7 8. Nf3
O-O 9. Be2 Bf5 10. Be3 Nc6 11. b3 e5 12. O-O e4 13. Ne1 d5 14. c5 Nc8 15. Nc2
Be6 16. b4 N6e7 17. Bf4 Nf5 18. Qd2 Nce7 19. b5 Qd7 20. Rfd1 f6 21. Nb4 g5 22.
Bh2 Nh4 23. c6 bxc6 24. bxc6 Qe8 25. Nb5 a5 26. Nc7 Qf7 27. Nxa8 axb4 28. Nc7
Nxc6 29. Rac1 Ne7 30. Nxe6 Qxe6 31. Qxb4 e3 32. Qd6 exf2+ 33. Kxf2 Qf5+ 34. Kg1
Qe4 35. Bf1 Nef5 36. Qa3 Nxd4 37. Qd3 f5 38. Rc7 Ne6 39. Re7 Qxd3 40. Rxd3 Nc5
41. Rxd5 Ne4 42. Rdd7 1-0

[Event "Chinese League"]
[Site "Chengdu CHN"]
[Date "2011.05.26"]
[Round "4"]
[White "Wu, Xibin"]
[Black "Liu, Qingnan"]
[Result "1-0"]
[WhiteTitle "IM"]
[BlackTitle "IM"]
[WhiteElo "2360"]
[BlackElo "2435"]
[WhiteTeam "Sichuan"]
[BlackTeam "Tianjin"]
[WhiteFideId "8600309"]
[BlackFideId "8603294"]
[EventDate "2011.04.12"]

1. e4 c5 2. Nf3 d6 3. d4 cxd4 4. Nxd4 Nf6 5. Nc3 a6 6. Be2 e5 7. Nb3 Be7 8. O-O
O-O 9. Kh1 b6 10. f3 Bb7 11. Be3 b5 12. Qd2 Nbd7 13. Rfd1 Qc7 14. Rac1 h6 15.
Nd5 Nxd5 16. exd5 Nb6 17. c4 bxc4 18. Na5 Bg5 19. Bxg5 hxg5 20. Bxc4 Qe7 21. Nc6
Qf6 22. Qb4 Nxc4 23. Rxc4 Bc8 24. a4 g6 25. Na5 Kg7 26. Rc6 Rd8 27. Nc4 Qf4 28.
Qd2 Bd7 29. Qxf4 gxf4 30. b4 Rdb8 31. Rxd6 Bxa4 32. Rb1 Bc2 33. Rb2 Bd3 34. Nxe5
Bb5 35. g3 Rd8 36. Rxd8 Rxd8 37. Rd2 f6 38. Ng4 f5 39. Ne5 Kf6 40. gxf4 g5 41.
Rd4 gxf4 42. Nd3 Rg8 43. d6 Bc6 44. Rxf4 Rd8 45. Rd4 Bxf3+ 46. Kg1 Bc6 47. Kf2
Bb5 48. Ke3 Re8+ 49. Kd2 Rh8 50. h4 Ke6 51. d7 Ke7 52. Nc5 Rf8 53. Ke3 Rh8 54.
Kf3 Bc6+ 55. Kg3 Bb5 56. h5 Rg8+ 57. Kf4 Rf8 58. d8=Q+ 1-0

[Event "Chinese League"]
[Site "Chengdu CHN"]
[Date "2011.05.26"]
[Round "4"]
[White "Chen, Fan"]
[Black "Li, Haoyu"]
[Result "1-0"]
[WhiteTitle "FM"]
[WhiteElo "2345"]
[BlackElo "2386"]
[WhiteTeam "Sichuan"]
[BlackTeam "Tianjin"]
[WhiteFideId "8600767"]
[BlackFideId "8601488"]
[EventDate "2011.04.12"]

1. e4 c5 2. Nf3 Nc6 3. Bb5 g6 4. Bxc6 bxc6 5. O-O Bg7 6. Re1 Nh6 7. c3 O-O 8. d4
cxd4 9. cxd4 d5 10. e5 Qb6 11. h3 c5 12. Nc3 cxd4 13. Nxd5 Qd8 14. Bxh6 Bxh6 15.
Qxd4 Bb7 16. Rad1 Bxd5 17. Qxd5 Qb6 18. b3 Rac8 19. Qe4 Rfd8 20. h4 Bg7 21. h5
Rxd1 22. Rxd1 gxh5 23. Qf5 Rd8 24. Rxd8+ Qxd8 25. Ng5 Qd5 26. Qc8+ Bf8 27. Qc4
Qxc4 28. bxc4 e6 29. Ne4 Bg7 30. f4 Kf8 31. Kf2 h4 32. Kf3 h5 33. Nf6 Bxf6 34.
exf6 Ke8 35. f5 Kd7 36. Kf4 1-0

[Event "Chinese League"]
[Site "Chengdu CHN"]
[Date "2011.05.26"]
[Round "4"]
[White "Danielian, Elina"]
[Black "Nie, Xin"]
[Result "1-0"]
[WhiteTitle "GM"]
[WhiteElo "2475"]
[BlackElo "1970"]
[WhiteTeam "Tianjin"]
[BlackTeam "Sichuan"]
[WhiteFideId "13300210"]
[BlackFideId "8605610"]
[EventDate "2011.04.12"]

1. d4 d5 2. Nf3 Nf6 3. Bf4 c5 4. e3 cxd4 5. exd4 Bg4 6. c3 Qb6 7. Nbd2 Nbd7 8.
Qb3 Rc8 9. Ne5 Be6 10. Ndf3 h6 11. h4 Ne4 12. Bb5 Nf6 13. O-O a6 14. Nxd7 Qxb5
15. Nc5 Bd7 16. Nxb7 Bc6 17. Qxb5 Bxb5 18. Rfe1 Ne4 19. Na5 e6 20. Ne5 g5 21.
Bh2 gxh4 22. c4 Bb4 23. cxb5 Bxa5 24. Rec1 Ra8 25. bxa6 f6 26. Nd3 Bb6 27. Rc6
Bxd4 28. Rac1 Kf7 29. Bf4 Rhg8 30. Be3 Bxe3 31. fxe3 h3 32. Nf4 Ng5 33. Rc7+ Ke8
34. a7 hxg2 35. Nxg2 Nf3+ 36. Kf2 Ng5 37. Nf4 Ne4+ 38. Ke2 h5 39. Rb7 Nd6 40.
Rh7 Nf7 41. Rc7 Nd8 42. Nxh5 1-0

[Event "Chinese League"]
[Site "Chengdu CHN"]
[Date "2011.05.26"]
[Round "4"]
[White "Lu, Shanglei"]
[Black "Wan, Yunguo"]
[Result "0-1"]
[WhiteElo "2456"]
[BlackElo "2458"]
[WhiteTeam "Zhejiang"]
[BlackTeam "Hebei"]
[WhiteFideId "8603332"]
[BlackFideId "8603189"]
[EventDate "2011.04.12"]

1. e4 e6 2. d4 d5 3. Nc3 Bb4 4. a3 Bxc3+ 5. bxc3 Ne7 6. Bd3 c5 7. exd5 exd5 8.
dxc5 Qa5 9. Ne2 O-O 10. O-O Qxc5 11. a4 Nbc6 12. Ba3 Qa5 13. Nd4 Rd8 14. Qh5 Ng6
15. Nf3 h6 16. Bxg6 fxg6 17. Qxg6 Qxc3 18. Rfe1 Bd7 19. Reb1 Be8 20. Qg4 Qf6 21.
Rb2 b6 22. Rd1 Bg6 23. Rb5 Be4 24. Bb2 Qf7 25. Ne1 Rd6 26. Rb3 Rg6 27. Qe2 Re8
28. Re3 Rge6 29. Qf1 Na5 30. Rg3 Rg6 31. Qb5 Nc4 32. Ba1 Nd6 33. Qb2 Nf5 34.
Rxg6 Qxg6 35. f3 Bxf3 36. Nxf3 Re2 37. g3 Qg4 38. Rf1 Nxg3 39. h3 Qg6 40. Nh4
Qg5 41. Rf3 Nf5+ 42. Kf1 Qd2 43. Qb1 Nxh4 0-1

[Event "Chinese League"]
[Site "Chengdu CHN"]
[Date "2011.05.26"]
[Round "4"]
[White "Yu, Lie"]
[Black "Wang, Rui"]
[Result "1/2-1/2"]
[WhiteTitle "IM"]
[BlackTitle "GM"]
[WhiteElo "2404"]
[BlackElo "2437"]
[WhiteTeam "Zhejiang"]
[BlackTeam "Hebei"]
[WhiteFideId "8603715"]
[BlackFideId "8601003"]
[EventDate "2011.04.12"]

1. d4 d5 2. c4 e6 3. Nc3 Be7 4. Nf3 Nf6 5. cxd5 Nxd5 6. e4 Nxc3 7. bxc3 O-O 8.
Bd3 c5 9. O-O cxd4 10. cxd4 b6 11. Bf4 Bb7 12. Rc1 Nc6 13. d5 Na5 14. Bc7 Qe8
15. d6 Bd8 16. Qe2 e5 17. Rfd1 Qe6 18. Bb5 Rc8 19. Qc2 f6 20. Qa4 Qf7 21. Bd7
Ra8 22. Bf5 g6 23. Bh3 Kh8 24. d7 Ba6 25. Bd6 Be7 26. Qb4 Bxd6 27. Qxd6 Rad8 28.
Be6 Nb7 29. Bxf7 Nxd6 30. Rxd6 Rxf7 31. Rc7 Bb5 32. Rc8 Rff8 33. Rc7 Rf7 34. Rc8
Rff8 35. Rc1 Ba6 36. Rc7 Rf7 37. Rc8 Bb5 38. Rc7 Rff8 39. Rc8 Rf7 40. Rc7 Rff8 1/2-1/2

[Event "Chinese League"]
[Site "Chengdu CHN"]
[Date "2011.05.26"]
[Round "4"]
[White "Zhai, Mo"]
[Black "Wang, Xiaohui"]
[Result "1/2-1/2"]
[WhiteTitle "WFM"]
[BlackTitle "WIM"]
[WhiteElo "2136"]
[BlackElo "2218"]
[WhiteTeam "Hebei"]
[BlackTeam "Zhejiang"]
[WhiteFideId "8600201"]
[BlackFideId "8603073"]
[EventDate "2011.04.12"]

1. e4 d6 2. d4 Nf6 3. Nc3 g6 4. Be3 c6 5. Qd2 b5 6. Bd3 Bg7 7. Nf3 Nbd7 8. h3
Bb7 9. Bh6 Bc8 10. Be3 Bb7 11. Bh6 Bxh6 12. Qxh6 e5 13. dxe5 dxe5 14. g4 Qe7 15.
O-O-O O-O-O 16. Qe3 Nc5 17. Kb1 Kb8 18. Ne2 Nfd7 19. Nd2 Ne6 20. Nb3 Ndc5 21.
Rhf1 Nxd3 22. Rxd3 c5 23. Na5 a6 24. a4 Rxd3 25. Qxd3 Rd8 26. Qg3 bxa4 27. Qxe5+
Ka7 28. Nf4 Qd6 29. Ne2 Qe7 30. Nf4 Qd6 31. Qxd6 Rxd6 32. Nxb7 Kxb7 33. Nd3 Rd4
34. f3 f6 35. Ka2 a5 36. Rf2 c4 37. Ne1 Nf4 38. h4 Rd1 39. Ng2 Nxg2 40. Rxg2 Rf1
41. Rd2 Kc6 42. Rd4 Rxf3 43. Rxc4+ Kb6 44. h5 Rf4 45. hxg6 hxg6 46. Rd4 Kc7 47.
Ka3 Rxg4 48. Kxa4 f5 49. Kxa5 Rf4 50. b4 Rxe4 51. Rd3 Re5+ 52. b5 Rc5 53. Rg3
Rxc2 54. Rxg6 Ra2+ 1/2-1/2

[Event "Chinese League"]
[Site "Chengdu CHN"]
[Date "2011.05.26"]
[Round "4"]
[White "Wang, Doudou"]
[Black "Ding, Yixin"]
[Result "1/2-1/2"]
[BlackTitle "WGM"]
[WhiteElo "2182"]
[BlackElo "2376"]
[WhiteTeam "Hebei"]
[BlackTeam "Zhejiang"]
[WhiteFideId "8603197"]
[BlackFideId "8602972"]
[EventDate "2011.04.12"]

1. d4 Nf6 2. c4 e6 3. Nc3 Bb4 4. f3 d5 5. a3 Bxc3+ 6. bxc3 O-O 7. e3 b6 8. cxd5
exd5 9. Bd3 Ba6 10. Ne2 Re8 11. O-O c5 12. Ng3 Bxd3 13. Qxd3 Nc6 14. Bb2 c4 15.
Qd2 h5 16. Rae1 g6 17. Qc2 h4 18. Nh1 Nh5 19. Bc1 b5 20. Nf2 a5 21. e4 b4 22.
axb4 axb4 23. cxb4 Nxb4 24. Qc3 Na2 25. Qe3 Nb4 26. Qc3 Na2 27. Qe3 Nxc1 28.
Rxc1 Qf6 29. Ng4 Qe7 30. Ne5 g5 31. Qd2 f6 32. Ng4 Nf4 33. e5 fxe5 34. Nxe5 Qa7
35. Kh1 Qa5 36. Qc2 Qa2 37. Rfd1 Qxc2 38. Rxc2 Ne6 39. Ng4 Kg7 40. Kg1 Ra6 41.
g3 hxg3 42. hxg3 Rea8 43. Ne3 Ra3 44. Nxd5 Rxf3 45. Rc3 Rxc3 46. Nxc3 Ra3 47.
Ne2 Rd3 48. Rxd3 cxd3 49. Nc3 Nxd4 50. Kf2 Nc2 51. Ne4 Kg6 52. g4 Nb4 53. Ke3
Nc6 1/2-1/2

[Event "Chinese League"]
[Site "Chengdu CHN"]
[Date "2011.05.27"]
[Round "5"]
[White "Wan, Yunguo"]
[Black "Xiu, Deshun"]
[Result "0-1"]
[WhiteElo "2458"]
[BlackElo "2508"]
[WhiteTeam "Hebei"]
[BlackTeam "Beijing"]
[WhiteFideId "8603189"]
[BlackFideId "8603693"]
[EventDate "2011.04.12"]

1. e4 c5 2. Nf3 d6 3. d4 cxd4 4. Nxd4 Nf6 5. Nc3 Nc6 6. Bc4 e6 7. Be3 a6 8. Bb3
Qc7 9. Qe2 Na5 10. g4 b5 11. g5 Nd7 12. O-O-O Nxb3+ 13. axb3 b4 14. Na4 Nc5 15.
Bd2 Rb8 16. f4 Bd7 17. Nxc5 dxc5 18. Nf3 Bb5 19. Qe3 c4 20. bxc4 Bxc4 21. Kb1
Bc5 22. Qe1 b3 23. cxb3 Qb6 24. Ne5 Bxb3 25. Bc3 Bxd1 26. Qxd1 O-O 27. Nd7 Qc6
28. Nxb8 Qxe4+ 29. Ka1 Rxb8 30. Re1 Qc4 31. Qd2 Bf8 32. h4 Rb5 33. Re5 Rd5 34.
Rxd5 exd5 35. Bd4 Bd6 36. Be3 Qa4+ 37. Kb1 Qe4+ 38. Ka2 h5 39. gxh6 gxh6 40. h5
Kh7 41. Qf2 Qf5 42. Qe2 d4 43. Bc1 a5 44. Qd2 d3 45. b3 Bb4 46. Qe3 d2 0-1

[Event "Chinese League"]
[Site "Chengdu CHN"]
[Date "2011.05.27"]
[Round "5"]
[White "Wang, Rui"]
[Black "Yu, Yangyi"]
[Result "1/2-1/2"]
[WhiteTitle "GM"]
[BlackTitle "GM"]
[WhiteElo "2437"]
[BlackElo "2652"]
[WhiteTeam "Hebei"]
[BlackTeam "Beijing"]
[WhiteFideId "8601003"]
[BlackFideId "8603820"]
[EventDate "2011.04.12"]

1. d4 Nf6 2. c4 e6 3. Nc3 Bb4 4. e3 c5 5. Bd3 O-O 6. Nf3 d5 7. O-O Nc6 8. a3 Ba5
9. cxd5 exd5 10. dxc5 Bxc3 11. bxc3 Bg4 12. c4 Ne5 13. cxd5 Bxf3 14. gxf3 Nxd5
15. f4 Nxf4 16. Bxh7+ Kxh7 17. exf4 Nd3 18. Qf3 Kg8 19. Be3 Qe7 20. Rfb1 1/2-1/2

[Event "Chinese League"]
[Site "Chengdu CHN"]
[Date "2011.05.27"]
[Round "5"]
[White "Wang, Jue"]
[Black "Zhai, Mo"]
[Result "0-1"]
[BlackTitle "WFM"]
[WhiteElo "2275"]
[BlackElo "2136"]
[WhiteTeam "Beijing"]
[BlackTeam "Hebei"]
[WhiteFideId "8604070"]
[BlackFideId "8600201"]
[EventDate "2011.04.12"]

1. e4 c5 2. Nf3 Nc6 3. d4 cxd4 4. Nxd4 g6 5. c4 Nf6 6. Nc3 Nxd4 7. Qxd4 d6 8.
Be2 Bg7 9. Bg5 O-O 10. Qd2 a5 11. Rc1 a4 12. f3 Be6 13. O-O Qa5 14. Kh1 Rfc8 15.
b3 axb3 16. axb3 Qb4 17. Bd1 Kf8 18. f4 Rc5 19. Qd3 Qa3 20. Rc2 Qxb3 21. Ra2
Qxa2 22. Nxa2 Bxc4 23. Qf3 Bxf1 24. Nb4 Ra1 25. f5 Bb5 26. h3 Ba4 27. Kh2 Bxd1
28. Qd3 Ba4 29. Be3 Rc3 30. Qe2 Nxe4 31. Bf4 gxf5 32. Nd5 Rc5 33. Qd3 Bb5 34.
Qb3 Bc6 35. Qb6 Rxd5 36. Qd8+ Be8 37. h4 Rdd1 38. Kh3 Rh1+ 39. Bh2 Ra3+ 0-1

[Event "Chinese League"]
[Site "Chengdu CHN"]
[Date "2011.05.27"]
[Round "5"]
[White "Zhao, Xue"]
[Black "Wang, Doudou"]
[Result "1-0"]
[WhiteTitle "GM"]
[WhiteElo "2495"]
[BlackElo "2182"]
[WhiteTeam "Beijing"]
[BlackTeam "Hebei"]
[WhiteFideId "8601283"]
[BlackFideId "8603197"]
[EventDate "2011.04.12"]

1. d4 Nf6 2. c4 g6 3. Nc3 Bg7 4. e4 d6 5. Nf3 O-O 6. Be2 e5 7. Be3 c6 8. d5 Na6
9. O-O Ng4 10. Bg5 f6 11. Bh4 c5 12. Ne1 h5 13. a3 Qe7 14. Nc2 Nh6 15. h3 b6 16.
Ne3 Bd7 17. Rb1 Nf7 18. Bd3 Bh6 19. Bc2 Rad8 20. b4 Bg5 21. Bg3 Bc8 22. Qd3 Nh6
23. Ne2 f5 24. exf5 Nxf5 25. Nc3 Bxe3 26. fxe3 Nxg3 27. Rxf8+ Qxf8 28. Qxg6+ Qg7
29. Qxg7+ Kxg7 30. e4 h4 31. Bd1 Rf8 32. Bf3 Bd7 33. Kf2 Rc8 34. b5 Nc7 35. a4
Ra8 36. a5 bxa5 37. Ra1 Rb8 38. Rxa5 Rb7 39. Ra1 Na8 40. Ke3 Nb6 41. Kd3 Be8 42.
Nd1 Bh5 43. Bxh5 Nxh5 44. Ne3 Ng3 45. Ra2 Rf7 46. Ra1 Kg6 47. Ra3 Kg5 48. Ra2
Kg6 49. Ra1 Kg7 50. Ng4 Kf8 51. Ra2 Nc8 52. Nh2 Ke8 53. Nf3 Rf4 54. Ng5 Ke7 55.
Ra6 Kf6 56. Ne6 Rxe4 57. Rc6 Nb6 58. Rxd6 Nxc4 59. Rc6 Nb2+ 60. Kc3 Na4+ 61. Kb3
Kf5 62. Ng7+ Kf4 63. d6 Rb4+ 64. Ka3 Nc3 65. Rxc5 Rxb5 66. d7 Rb8 67. Rxc3 Ne2
68. Rc8 1-0

[Event "Chinese League"]
[Site "Chengdu CHN"]
[Date "2011.05.27"]
[Round "5"]
[White "Liu, Qingnan"]
[Black "Yu, Lie"]
[Result "1-0"]
[WhiteTitle "IM"]
[BlackTitle "IM"]
[WhiteElo "2435"]
[BlackElo "2404"]
[WhiteTeam "Tianjin"]
[BlackTeam "Zhejiang"]
[WhiteFideId "8603294"]
[BlackFideId "8603715"]
[EventDate "2011.04.12"]

1. e4 e5 2. Nf3 Nc6 3. Bc4 Be7 4. d4 d6 5. dxe5 dxe5 6. Qxd8+ Bxd8 7. Nc3 Bg4 8.
Be3 Nf6 9. Bb5 Bd7 10. Bc5 Be7 11. Bxe7 Kxe7 12. O-O-O Bg4 13. Bxc6 Bxf3 14.
Bxb7 Bxd1 15. Bxa8 Bxc2 16. Bc6 Bd3 17. Rd1 Rd8 18. f3 a6 19. a4 a5 20. Bb5 Bxb5
21. Nxb5 Rb8 22. Rd3 c5 23. Nd6 g6 24. Nc4 Nd7 25. Nxa5 Ra8 26. Nc4 Ra6 27. a5
f6 28. Rb3 Kd8 29. Kc2 Kc7 30. Rd3 Nf8 31. Rd5 Ne6 32. Kc3 Rc6 33. Nb6 Kb7 34.
Rd7+ Ka6 35. Nd5 Nd4 36. Kc4 Kxa5 37. Ra7+ Ra6 38. Rxa6+ Kxa6 39. Nxf6 Kb6 40.
Nd7+ Kc7 41. Nxe5 Ne6 42. Nd3 Kd6 43. e5+ Kc6 44. f4 h5 45. g3 Nd4 46. Nxc5 Nf3
47. b4 Nd2+ 48. Kd3 Nf1 49. e6 Kd6 50. b5 Nxh2 51. b6 Ng4 52. Ne4+ 1-0

[Event "Chinese League"]
[Site "Chengdu CHN"]
[Date "2011.05.27"]
[Round "5"]
[White "Ding, Yixin"]
[Black "Ning, Chunhong"]
[Result "0-1"]
[WhiteTitle "WGM"]
[BlackTitle "WGM"]
[WhiteElo "2376"]
[BlackElo "2313"]
[WhiteTeam "Zhejiang"]
[BlackTeam "Tianjin"]
[WhiteFideId "8602972"]
[BlackFideId "8600376"]
[EventDate "2011.04.12"]

1. e4 c6 2. d4 d5 3. e5 Bf5 4. g4 Bg6 5. e6 fxe6 6. Nf3 Qd6 7. Ne5 Nd7 8. f4 Be4
9. Rg1 g5 10. Nc3 Bg7 11. Nxd7 Kxd7 12. Nxe4 dxe4 13. fxg5 Qxh2 14. Be3 Rf8 15.
Bg2 h6 16. Qe2 Qh4+ 17. Kd2 hxg5 18. Bxe4 Nf6 19. Bd3 Nd5 20. Rg2 e5 21. dxe5
Bxe5 22. c4 Nxe3 23. Kxe3 Qh6 24. Kd2 Bxb2 25. Re1 Qd6 26. Kc2 Bf6 27. Rb1 Kc7
28. Rb3 Rh1 29. Rb1 Rfh8 30. Rf1 Qa3 31. Kd2 Qxa2+ 32. Ke3 Qa5 33. Rf5 Qc3 34.
Kf2 R8h3 35. Rg3 R1h2+ 36. Rg2 Bd4+ 0-1

[Event "Chinese League"]
[Site "Chengdu CHN"]
[Date "2011.05.27"]
[Round "5"]
[White "Xu, Yuhua"]
[Black "Danielian, Elina"]
[Result "0-1"]
[WhiteTitle "GM"]
[BlackTitle "GM"]
[WhiteElo "2484"]
[BlackElo "2475"]
[WhiteTeam "Zhejiang"]
[BlackTeam "Tianjin"]
[WhiteFideId "8600635"]
[BlackFideId "13300210"]
[EventDate "2011.04.12"]

1. e4 c5 2. Nf3 e6 3. d4 cxd4 4. Nxd4 a6 5. Bd3 Bc5 6. Nb3 Be7 7. Be3 d6 8. N1d2
Nd7 9. f4 Ngf6 10. Qf3 Qc7 11. g4 h6 12. Qh3 e5 13. f5 h5 14. Rg1 d5 15. g5 Nxe4
16. Nxe4 dxe4 17. Bxe4 a5 18. Qf3 a4 19. f6 gxf6 20. g6 fxg6 21. Bxg6+ Kd8 22.
Nd2 a3 23. b3 Bb4 24. c4 Ra6 25. O-O-O b5 26. Kb1 Bxd2 27. Rxd2 bxc4 28. Rc1 Bb7
29. Qf5 Rd6 30. Rxc4 Rxd2 31. Bxd2 Qb6 32. Bxh5 Qg1+ 33. Bc1 Rxh5 34. Qxh5 Bd5
35. Rg4 Qf1 36. Qg6 Be6 37. Rg1 Bf5+ 38. Ka1 Qxc1+ 39. Rxc1 Bxg6 40. b4 e4 41.
Rc3 f5 42. Kb1 f4 43. Kc1 e3 44. Rxa3 Bh5 0-1

[Event "Chinese League"]
[Site "Chengdu CHN"]
[Date "2011.05.27"]
[Round "5"]
[White "Ni, Hua"]
[Black "Chen, Fan"]
[Result "1/2-1/2"]
[WhiteTitle "GM"]
[BlackTitle "FM"]
[WhiteElo "2646"]
[BlackElo "2345"]
[WhiteTeam "Shanghai"]
[BlackTeam "Sichuan"]
[WhiteFideId "8601160"]
[BlackFideId "8600767"]
[EventDate "2011.04.12"]

1. e4 c5 2. Nf3 d6 3. d4 cxd4 4. Nxd4 Nf6 5. Nc3 a6 6. Be3 e5 7. Nb3 Be6 8. Qd2
Nbd7 9. O-O-O b5 10. f4 Rc8 11. Kb1 Qc7 12. f5 Bc4 13. a3 h5 14. Bd3 Be7 15. h3
h4 16. Rhg1 Qb8 17. g4 hxg3 18. Rxg3 Nh5 19. Rg2 Ndf6 20. Bg5 b4 21. axb4 Qxb4
22. Bxc4 Rxc4 23. Qd3 Rxc3 24. bxc3 Qxe4 25. Rdg1 Qxd3 26. Rd1 Qe4 27. Rdg1 Qd3
28. cxd3 Nf4 29. Bxf4 exf4 30. Rxg7 Rxh3 31. Kc2 Nd5 32. Nd2 Ne3+ 33. Kb3 Nxf5
34. R7g4 Rxd3 35. Rxf4 Rxd2 36. Rxf5 Kf8 37. Rgf1 f6 38. Ra5 Kf7 39. Rxa6 Re2
40. Kc4 Re5 41. Ra7 f5 42. Ra8 Ke6 43. Kd4 Rd5+ 44. Kc4 Rc5+ 45. Kd3 Bf6 46. c4
Re5 47. Rb1 f4 48. Re8+ Be7 49. Rf1 Re3+ 50. Kd2 Kd7 51. Ra8 Re4 52. Re1 Rd4+
53. Kc3 Bf6 54. Kb4 Be5 55. Rh1 Rd2 56. c5 Rb2+ 57. Ka3 Rc2 58. Rh7+ Kc6 59.
cxd6 Bxd6+ 60. Kb3 Rd2 61. Kc4 Rc2+ 62. Kd3 Rc5 63. Rh6 Rd5+ 64. Kc4 Rc5+ 65.
Kd4 Rd5+ 66. Ke4 Re5+ 67. Kf3 Re3+ 68. Kf2 Rd3 69. Ra6+ Kd7 70. Ra7+ Kc6 71.
Ra6+ Kd7 72. Ke2 Rd4 73. Kf3 Rd1 74. Ke4 Re1+ 75. Kf5 Re5+ 76. Kg4 Rd5 77. Rf6
Ke7 78. Rg6 Kd7 79. Rh6 Rd1 80. Kf5 Rd5+ 81. Ke4 Rd1 82. Rf6 Ke7 83. Kf5 Rd5+
84. Kg6 Kd7 85. Rf7+ Ke6 86. Rxf4 Rd1 87. Rf6+ Kd7 88. Kf7 Rd2 89. Ra7+ Kc6 90.
Ra6+ Kd7 91. Ra7+ Kc6 92. Ke8 Kb6 93. Rd7 Kc6 94. Kd8 Kc5 95. Kc8 Rd4 96. Rf5+
Rd5 97. Rf1 Kc6 98. Rf6 Rd4 99. Ra7 Kd5 100. Rg6 Bf4 101. Re7 Rb4 102. Rd7+ Ke4
103. Rd1 Kf5 104. Rg2 Rc4+ 105. Kd7 Rc7+ 106. Kd8 Rc4 107. Rd7 Ra4 108. Ke7 Re4+
109. Kf7 Rc4 110. Rf2 Ra4 111. Kg7 Rc4 112. Rf1 Ra4 113. Rf7+ Kg4 114. Rg1+ Kf3
115. Rf6 Rd4 116. Kg6 Ra4 117. Kh5 Rd4 118. Rf5 Ke3 119. Re1+ Kd2 120. Ra1 Be3
121. Ra2+ Kd3 122. Ra3+ Ke4 123. Rf7 Rd5+ 124. Kg4 Rg5+ 125. Kh4 Re5 126. Rf1
Bc5 127. Ra4+ Kd5 128. Rd1+ Kc6 129. Kg4 Kb5 130. Ra8 Kc6 131. Kf4 Rh5 132. Rc1
Kb7 133. Re8 Kc6 134. Rc8+ Kb5 135. Re8 Kb6 136. Re6+ 1/2-1/2

[Event "Chinese League"]
[Site "Chengdu CHN"]
[Date "2011.05.27"]
[Round "5"]
[White "Lu, Yijie"]
[Black "Wu, Xibin"]
[Result "0-1"]
[BlackTitle "IM"]
[WhiteElo "2378"]
[BlackElo "2360"]
[WhiteTeam "Shanghai"]
[BlackTeam "Sichuan"]
[WhiteFideId "8604525"]
[BlackFideId "8600309"]
[EventDate "2011.04.12"]

1. e4 c5 2. Nf3 Nc6 3. d4 cxd4 4. Nxd4 Nf6 5. Nc3 d6 6. Bg5 e6 7. Qd2 a6 8.
O-O-O Bd7 9. f4 b5 10. Nxc6 Bxc6 11. Qe1 Qa5 12. Kb1 Rc8 13. Bd3 Be7 14. e5 dxe5
15. Bxf6 gxf6 16. fxe5 f5 17. Qg3 Kf8 18. Rhf1 Rg8 19. Qh3 Bxg2 20. Qh6+ Rg7 21.
Rg1 Bg5 22. Qh5 Be3 23. Rxg2 Rxg2 24. Qf3 b4 25. Ne2 Rxe2 26. Bxe2 Qxe5 27. Bxa6
Rb8 28. Qh5 Bd4 29. Qh6+ Qg7 30. Qh4 Bf6 31. Qc4 Qg4 32. Qf1 Rd8 33. Rxd8+ Bxd8
34. a3 bxa3 35. Qd3 Be7 36. bxa3 Kg7 37. Ka2 h5 38. h3 Qf4 39. Bc4 h4 40. a4 Qe5
41. Bb5 Bf6 42. Kb3 Qb2+ 43. Kc4 Kg6 44. Kc5 e5 45. a5 e4 46. Qd2 Qe5+ 47. Kc6
Qe8+ 48. Kc5 Be7+ 49. Kc4 Qc8+ 50. Kb3 Qc5 51. Be2 Qa3+ 52. Kc4 Qa4+ 0-1

[Event "Chinese League"]
[Site "Chengdu CHN"]
[Date "2011.05.27"]
[Round "5"]
[White "Harika, Dronavalli"]
[Black "Ju, Wenjun"]
[Result "1/2-1/2"]
[WhiteTitle "IM"]
[BlackTitle "WGM"]
[WhiteElo "2524"]
[BlackElo "2519"]
[WhiteTeam "Sichuan"]
[BlackTeam "Shanghai"]
[WhiteFideId "5015197"]
[BlackFideId "8603006"]
[EventDate "2011.04.12"]

1. d4 Nf6 2. c4 g6 3. Nc3 Bg7 4. e4 d6 5. h3 O-O 6. Be3 e5 7. d5 Na6 8. Bd3 Nd7
9. g4 Ndc5 10. Bb1 f5 11. a3 fxe4 12. Bxe4 Nxe4 13. Nxe4 Nc5 14. Nxc5 dxc5 15.
Bxc5 Rf4 16. Qb3 b5 17. cxb5 Bb7 18. O-O-O Rd4 19. Bxd4 exd4 20. f3 Bxd5 21. Qd3
Qg5+ 22. Kb1 Re8 23. Ne2 Re3 24. Qd2 Bxf3 25. Nxd4 Bxh1 26. Rxh1 Qe5 27. Rd1
Rxh3 28. Nc6 Qe4+ 29. Qc2 Qxc2+ 30. Kxc2 h5 31. gxh5 gxh5 32. Rd7 Rh2+ 33. Rd2
Rh1 34. Rd1 Rh3 35. Rd7 Rh2+ 36. Rd2 Rh1 37. Rd7 Rh2+ 38. Rd2 Rh1 39. Rd7 1/2-1/2

[Event "Chinese League"]
[Site "Chengdu CHN"]
[Date "2011.05.27"]
[Round "5"]
[White "Bu, Xiangzhi"]
[Black "Xu, Hanbing"]
[Result "1-0"]
[WhiteTitle "GM"]
[WhiteElo "2677"]
[BlackElo "2378"]
[WhiteTeam "Shandong"]
[BlackTeam "Qingdao"]
[WhiteFideId "8601445"]
[BlackFideId "8601658"]
[EventDate "2011.04.12"]

1. Nf3 g6 2. c4 Bg7 3. d4 d6 4. g3 e5 5. Nc3 exd4 6. Nxd4 Nc6 7. Nxc6 bxc6 8.
Bg2 Bd7 9. O-O Ne7 10. e4 c5 11. Bg5 f6 12. Be3 Rb8 13. Qd2 O-O 14. b3 Qc8 15.
Rad1 Bg4 16. f3 Be6 17. f4 Bg4 18. Rde1 Rf7 19. Rf2 Bh3 20. Bf3 Bg4 21. Bh1 Bd7
22. Qd3 Qe8 23. Bg2 Qc8 24. Qf1 Qa6 25. f5 Re8 26. h4 Qc8 27. Bh3 gxf5 28. exf5
Nc6 29. Rfe2 Ne5 30. Bd2 Bc6 31. Bg2 Bxg2 32. Kxg2 Kh8 33. Qf4 Rg8 34. Qe4 Qf8
35. Qe3 Qc8 36. Rf1 Bf8 37. Ne4 Be7 38. Bc3 Qa8 39. Kh3 Qc8 40. Bxe5 fxe5 41.
Ref2 Rgf8 42. g4 h5 43. Kg3 c6 44. Ng5 hxg4 45. Nxf7+ Rxf7 46. f6 Bf8 47. Rf5
Rh7 48. f7 Qe6 49. Qg5 Rg7 50. Qd8 1-0